| 000 | 01566nam0a2200361 4500 | ||
|---|---|---|---|
| 001 | RU\NLR\BIBL_A\016243250 | ||
| 005 | 20230221102454.0 | ||
| 010 |
_a978-5-907587-93-9 _9200 |
||
| 021 |
_aRU _bКН-П-22-084058 _9КН-П-22-7411 |
||
| 035 | _a(NLR Aleph) 016243250 | ||
| 035 | _a(RuMoRGB)011411148 | ||
| 090 |
_a12804225 _c12804225 |
||
| 100 | _a20221220d2022 u y0rusy50 ca | ||
| 101 | 0 | _arus | |
| 102 | _aRU | ||
| 105 | _aa z 000zy | ||
| 181 | 0 |
_ai _baxxe |
|
| 182 | 0 | _an | |
| 200 | 1 |
_aПриключения увлечённого путешественника _e[сборник] _fВладлен Авинда |
|
| 203 |
_aТекст _bвизуальный _cнепосредственный |
||
| 210 |
_aСимферополь _cАриал _d2022 |
||
| 215 |
_a15 с. _cцв. ил., портр _d21 |
||
| 300 | _aНа 4-й с. обл. авт.: Гончаров Владлен Петрович (Авинда), лауреат лит. премий им. Чехова и Респ. Крым, мастер спорта международ. класса, заслуж. работник культуры | ||
| 320 | _aДр. кн. авт. на 4-й с. обл. | ||
| 327 | 1 | _aСодерж.: Туман; Тихий океан; Охотское море; Одиночество | |
| 675 |
_a821.161.1-94 _v4 |
||
| 686 | 2 | _aШ6(2=Р)8-464.1 | |
| 700 | 1 |
_aАвинда _bВ. _gВладлен _3RU\NLR\AUTH\770160837 |
|
| 942 | _cBOOK | ||
| 980 | _aNB | ||